书目信息 |
| 题名: |
学业负担问题解决
|
|
| 作者: | 罗生全 著 | |
| 分册: | ||
| 出版信息: | 北京 人民出版社 2017 |
|
| 页数: | 364页 | |
| 开本: | 24cm | |
| 丛书名: | ||
| 单 册: | ||
| 中图分类: | G424.6 | |
| 科图分类: | ||
| 主题词: | 学生作业--研究 | |
| 电子资源: | ||
| ISBN: | 978-7-01-017961-2 | |
| 000 | 01295nam0 2200229 450 | |
| 001 | 5862 | |
| 005 | 20180529225136.48 | |
| 010 | @a978-7-01-017961-2@dCNY68.00 | |
| 100 | @a20170731d2017 em y0chiy0110 ea | |
| 101 | 0 | @achi |
| 102 | @aCN@b110000 | |
| 105 | @ay z 000yy | |
| 200 | 1 | @a学业负担问题解决@9xue ye fu dan wen ti jie jue@e模型建构与治理机制@f罗生全著 |
| 210 | @a北京@c人民出版社@d2017 | |
| 215 | @a364页@d24cm | |
| 330 | @a本书从系统论的视野和方法全面审视学生学业负担的根本影响要素以及由此形成的复杂理路,认为学业负担是多重因素共同作用的结果,是学生承担学习任务因其深度、难度和广度等引发的身体和心理的消耗,体现了外部任务和压力与学生个体的复杂交互,个体学习和教师教学是其基本关系,外部文化环境综合作用于个体学习和教师教学。全书遵循“学业负担是什么—学业负担是如何形成的—应该如何解决”这个逻辑理路展开,探寻了学业负担问题的起源和学业负担政策的历史发展,探讨学业负担的生成机理,勾勒出学业负担形成的心理模型、教育模型和层次模型,进而制定出学业负担问题解决的社会机制、监测机制和预警机制,从而使后续的学业负担政策制定和完善达到“善治”学业负担问题的目的。 | |
| 517 | 1 | @a模型建构与治理机制@Amo xing jian gou yu zhi li ji zhi |
| 606 | 0 | @a学生作业@x研究 |
| 690 | @aG424.6@v5 | |
| 701 | 0 | @a罗生全@9luo sheng quan@4著 |
| 801 | 0 | @aCN@b91CIP@c20170731 |
| 905 | @aMuseLib@dG424.6@e342 | |
| 学业负担问题解决:模型建构与治理机制/罗生全著.-北京:人民出版社,2017 |
| 364页;24cm |
| ISBN 978-7-01-017961-2:CNY68.00 |
| 本书从系统论的视野和方法全面审视学生学业负担的根本影响要素以及由此形成的复杂理路,认为学业负担是多重因素共同作用的结果,是学生承担学习任务因其深度、难度和广度等引发的身体和心理的消耗,体现了外部任务和压力与学生个体的复杂交互,个体学习和教师教学是其基本关系,外部文化环境综合作用于个体学习和教师教学。全书遵循“学业负担是什么—学业负担是如何形成的—应该如何解决”这个逻辑理路展开,探寻了学业负担问题的起源和学业负担政策的历史发展,探讨学业负担的生成机理,勾勒出学业负担形成的心理模型、教育模型和层次模型,进而制定出学业负担问题解决的社会机制、监测机制和预警机制,从而使后续的学业负担政策制定和完善达到“善治”学业负担问题的目的。 |
| ● |
| 相关链接 |
|
|
|
|
正题名:学业负担问题解决
索取号:G424.6/342
 
预约/预借
| 序号 | 登录号 | 条形码 | 馆藏地/架位号 | 状态 | 备注 |
| 1 | 1115353 | 211153534 | 第一样本阅览室/ [索取号:G424.6/342] | 在馆 | |
| 2 | 1115354 | 211153543 | 教育系资料室/ [索取号:G424.6/342] | 在馆 | |
| 3 | 1115355 | 211153552 | 教育系资料室/ [索取号:G424.6/342] | 在馆 | |
| 4 | 1115356 | 211153561 | 教育系资料室/ [索取号:G424.6/342] | 在馆 | |
| 5 | 1115357 | 211153570 | 第四借阅区/ [索取号:G424.6/342] | 在馆 | |
| 6 | 1115358 | 211153589 | 第四借阅区/ [索取号:G424.6/342] | 在馆 |